MARC details
| 000 -LEADER |
| fixed length control field |
04630cam a2200553Ii 4500 |
| 003 - CONTROL NUMBER IDENTIFIER |
| control field |
PHURS |
| 005 - DATE AND TIME OF LATEST TRANSACTION |
| control field |
20221125083340.0 |
| 008 - FIXED-LENGTH DATA ELEMENTS--GENERAL INFORMATION |
| fixed length control field |
150204s2015 enk ob 001 0 eng d |
| 040 ## - CATALOGING SOURCE |
| Original cataloging agency |
N$T |
| Language of cataloging |
eng |
| Description conventions |
rda |
| -- |
pn |
| Transcribing agency |
N$T |
| Modifying agency |
N$T |
| -- |
EBLCP |
| -- |
E7B |
| -- |
UKMGB |
| -- |
DEBSZ |
| -- |
OCLCF |
| -- |
YDXCP |
| -- |
UKOUP |
| -- |
IDB |
| -- |
UAB |
| -- |
NLE |
| -- |
LTP |
| -- |
OTZ |
| -- |
JSTOR |
| -- |
ERL |
| -- |
EZ9 |
| -- |
OCLCQ |
| -- |
TXC |
| -- |
OCLCQ |
| -- |
LVT |
| -- |
LEAUB |
| -- |
UKAHL |
| -- |
OCLCQ |
| -- |
VT2 |
| -- |
SFB |
| -- |
OCLCO |
| 016 7# - NATIONAL BIBLIOGRAPHIC AGENCY CONTROL NUMBER |
| Record control number |
017010001 |
| Source |
Uk |
| 016 7# - NATIONAL BIBLIOGRAPHIC AGENCY CONTROL NUMBER |
| Record control number |
018798414 |
| Source |
Uk |
| 020 ## - INTERNATIONAL STANDARD BOOK NUMBER |
| International Standard Book Number |
9781447305019 |
| Qualifying information |
(electronic bk.) |
| 020 ## - INTERNATIONAL STANDARD BOOK NUMBER |
| International Standard Book Number |
1447305019 |
| Qualifying information |
(electronic bk.) |
| 020 ## - INTERNATIONAL STANDARD BOOK NUMBER |
| Canceled/invalid ISBN |
9781447305002 |
| Qualifying information |
(hardcover) |
| 020 ## - INTERNATIONAL STANDARD BOOK NUMBER |
| Canceled/invalid ISBN |
1447305000 |
| 020 ## - INTERNATIONAL STANDARD BOOK NUMBER |
| Canceled/invalid ISBN |
9781447321163 |
| 020 ## - INTERNATIONAL STANDARD BOOK NUMBER |
| Canceled/invalid ISBN |
1447321162 |
| 050 #4 - LIBRARY OF CONGRESS CALL NUMBER |
| Classification number |
K5064 |
| 100 1# - MAIN ENTRY--PERSONAL NAME |
| Personal name |
Dingwall, Gavin, |
| Relator term |
author. |
| Authority record control number or standard number |
http://id.loc.gov/authorities/names/nr99016012 |
| 245 10 - TITLE STATEMENT |
| Title |
Blamestorming, blamemongers and scapegoats : |
| Remainder of title |
allocating blame in the criminal justice process / |
| Statement of responsibility, etc. |
Gavin Dingwall and Tim Hillier. |
| 264 #1 - PRODUCTION, PUBLICATION, DISTRIBUTION, MANUFACTURE, AND COPYRIGHT NOTICE |
| Place of production, publication, distribution, manufacture |
Bristol, UK : |
| Name of producer, publisher, distributor, manufacturer |
Policy Press, |
| Date of production, publication, distribution, manufacture, or copyright notice |
2015. |
| 300 ## - PHYSICAL DESCRIPTION |
| Extent |
1 online resource |
| 336 ## - CONTENT TYPE |
| Content type term |
text |
| Content type code |
txt |
| Source |
rdacontent |
| 337 ## - MEDIA TYPE |
| Media type term |
computer |
| Media type code |
c |
| Source |
rdamedia |
| 338 ## - CARRIER TYPE |
| Carrier type term |
online resource |
| Carrier type code |
cr |
| Source |
rdacarrier |
| 588 0# - SOURCE OF DESCRIPTION NOTE |
| Source of description note |
Online resource; title from PDF title page (Ebsco, viewed February 10, 2015). |
| 504 ## - BIBLIOGRAPHY, ETC. NOTE |
| Bibliography, etc. note |
Includes bibliographical references and index. |
| 520 8# - SUMMARY, ETC. |
| Summary, etc. |
We live in a society that is increasingly preoccupied with allocating blame: when something goes wrong someone must be to blame. Bringing together philosophical, psychological, and sociological accounts of blame, this is the first detailed socio-legal account of the role of blame in which the authors present a novel study of the legal process of blame attribution, set in the context of criminalisation as a social and political process. The book identifies the problematic and elusive nature of blame and contrasts this with the uncritical way in which it is often used in the criminal justice process. |
| 505 0# - FORMATTED CONTENTS NOTE |
| Formatted contents note |
BLAMESTORMING, BLAMEMONGERS AND SCAPEGOATS; Contents; About the authors ; Preface; 1. Introduction and the centrality of blame; The Case of Mrs Inglis; The Case of Baby P; Blamestorming; Blamemongers; Scapegoats; Blame; Preliminary reflections; 2. Blame in the criminal justice process; Pre-trial diversion: removing those of limited culpability; Pre-trial diversion: fixed penalties for particular categories of offence; Pre-trial diversion: the routine diversion of some types of criminal conduct to specialist state agencies; Mode of trial: deciding which court will hear a case |
| 505 8# - FORMATTED CONTENTS NOTE |
| Formatted contents note |
Justifying sentence: the normative backgroundJustifying sentence: the legal background; Conclusions: blame and procedural decision-making; 3. Blame and the blameless; The minimum age of criminal responsibility; Mental capacity; Justifications, excuses and circumstances precluding wrongfulness; Blame and luck; 4. Blameless crime; Motive: criminalising the well-intentioned; Recklessness: criminalising the risk-taker; Negligence and gross negligence: criminalising the incompetent; Strict liability: criminalising the blameless; Conclusion; 5. Blame amplification ; Offence seriousness |
| 505 8# - FORMATTED CONTENTS NOTE |
| Formatted contents note |
Shocking and extraordinary crimes6. Putting oneself in harm's way; Blame, gang membership and paramilitary involvement; Purchasing drugs, 'associating with criminals' and expanding the 'blameworthy'; Drug misuse and crime; Blame, intoxication and alcohol-related offending; Conclusion: voluntarily heightening the risk of offending; 7. Blame, punitiveness and criminalisation; The growth of blame culture and the need for scapegoats; From civil liability to criminal liability; From human rights to the International Criminal Court; 8. Blamestorming and blamemongers; Defining blame |
| 505 8# - FORMATTED CONTENTS NOTE |
| Formatted contents note |
Legal determinations about blameBlame and procedural decision-making; Blame, luck and diminished responsibility; Precursory conduct and the attribution of blame; Quantifying blame; Swiss cheese; The blamemongers: from process to value; Glossary; References; Case list; Index |
| 590 ## - LOCAL NOTE (RLIN) |
| Local note |
JSTOR |
| Provenance (VM) [OBSOLETE] |
Books at JSTOR Open Access |
| 650 #0 - SUBJECT ADDED ENTRY--TOPICAL TERM |
| Topical term or geographic name entry element |
Criminal liability. |
| 650 #0 - SUBJECT ADDED ENTRY--TOPICAL TERM |
| Topical term or geographic name entry element |
Blame. |
| 650 #0 - SUBJECT ADDED ENTRY--TOPICAL TERM |
| Topical term or geographic name entry element |
Criminal justice, Administration of. |
| 650 #6 - SUBJECT ADDED ENTRY--TOPICAL TERM |
| Topical term or geographic name entry element |
Blâme. |
| 650 #7 - SUBJECT ADDED ENTRY--TOPICAL TERM |
| Topical term or geographic name entry element |
LAW |
| General subdivision |
Criminal Law |
| -- |
General. |
| 650 #7 - SUBJECT ADDED ENTRY--TOPICAL TERM |
| Topical term or geographic name entry element |
SOCIAL SCIENCE |
| General subdivision |
Criminology. |
| 650 #7 - SUBJECT ADDED ENTRY--TOPICAL TERM |
| Topical term or geographic name entry element |
Blame. |
| 650 #7 - SUBJECT ADDED ENTRY--TOPICAL TERM |
| Topical term or geographic name entry element |
Criminal justice, Administration of. |
| 650 #7 - SUBJECT ADDED ENTRY--TOPICAL TERM |
| Topical term or geographic name entry element |
Criminal liability. |
| 655 #0 - INDEX TERM--GENRE/FORM |
| Genre/form data or focus term |
Electronic books. |
| 655 #4 - INDEX TERM--GENRE/FORM |
| Genre/form data or focus term |
Electronic books. |
| 700 1# - ADDED ENTRY--PERSONAL NAME |
| Personal name |
Hillier, Tim, |
| Relator term |
author. |
| Authority record control number or standard number |
http://id.loc.gov/authorities/names/nr98022223 |
| 856 40 - ELECTRONIC LOCATION AND ACCESS |
| Uniform Resource Identifier |
<a href="https://www.jstor.org/stable/10.2307/j.ctt1sq5vnt">https://www.jstor.org/stable/10.2307/j.ctt1sq5vnt</a> |
| 942 ## - ADDED ENTRY ELEMENTS (KOHA) |
| Source of classification or shelving scheme |
Library of Congress Classification |
| Koha item type |
E-Book |
| 994 ## - |
| -- |
92 |
| -- |
PHURS |